Careers for young Americans in the Army and after /

Bibliographic Details
Main Author: Horchow, Reuben
Format: Book
Language:English
Published: Washington, D.C. : Public Affairs Press, [1950]
Subjects:

MARC

Tag First Indicator Second Indicator Subfields
LEADER 00000cam a2200000 4500
001 in00000056837
005 20151008050918.0
008 750605s1950 dcu 00000 eng u
010 |a  50007610  
035 |a (OCoLC)01376623 
035 |9 AAG4242AM 
040 |c DZM  |d TXA  |d UtOrBLW 
049 |a TXAS [mil] 
050 0 0 |a UB413  |b .H6 1950 
082 0 |a 355 
092 |a 355  |b H811c 
100 1 |a Horchow, Reuben. 
245 1 0 |a Careers for young Americans in the Army and after /  |c by Reuben Horchow ; foreword by Omar Bradley. 
264 1 |a Washington, D.C. :  |b Public Affairs Press,  |c [1950] 
264 4 |c ©1950 
300 |a 226 pages ;  |c 24 cm. 
336 |a text  |b txt  |2 rdacontent 
337 |a unmediated  |b n  |2 rdamedia 
338 |a volume  |b nc  |2 rdacarrier 
610 1 0 |a United States.  |b Army  |x Appointments and retirements. 
610 1 0 |a United States.  |b Army  |x Officers. 
610 1 0 |a United States.  |b Army  |v Handbooks, manuals, etc. 
650 0 |a Occupations. 
999 |a MARS 
999 f f |s 4f53c39f-7a25-3738-8287-0cf305c34c19  |i 46ed712e-5a51-33a4-a557-96943e146c3c  |t 0 
952 f f |p noncirc  |a Texas A&M University  |b College Station  |c Cushing Memorial Library & Archives  |d Cushing: Ragan Military (Does not check out)  |t 0  |e UB413 .H6 1950  |h Library of Congress classification  |i unmediated -- volume 
998 f f |a UB413 .H6 1950  |t 0  |l Cushing: Ragan Military (Does not check out)